Weird sports team names: guess the US city - Statistics

General Stats
  • This quiz has been taken 18 times
  • The average score is 10 of 15
Answer Stats
Hint Answer % Correct
LeBron James, Stephen Curry, the Black Keys and sports team the Zips all call this place home. Akron
88%
The South Dakota School of Mines and Technology Hardrockers would be a brilliant name, but for convenience they shorten it to S.D. Mines Hardrockers. Rapid City
88%
This Arizona city plays host to the Community College Fighting Artichokes. Scottsdale
88%
Major League Soccer's Earthquakes are based in this city, the home town of actresses Madeleine McGraw and Kate Walsh. San Jose
76%
Basketball team the Indiana State Sycamores are from here. Terre Haute
76%
The Yard Goats are a minor baseball team from this place in New England. Hartford
71%
Baseball outfit the Rumble Ponies come from this town near the NY/PA state line. Binghamton
65%
Baseball team the Biscuits are from here, as are celebrities Nat King Cole and Brett Butler. Montgomery
65%
The sports team of this tiny college town south of Buffalo are called the Bonnies. St. Bonaventure
65%
The Nuts are a baseball team in this western city, birthplace of George Lucas. Modesto
59%
The Banana Slugs, who had a moment of fame in Pulp Fiction, play in this California city. Santa Cruz
59%
The Beach Bums play baseball in this Michigan town near Traverse City. Blair Township
53%
The Jumbo Shrimp are a baseball team from this city, home to Fred Durst, Ashley Greene and Kelly Kelly. Jacksonville
53%
Webster University Gorloks (a made-up cheetah/buffalo/dog hybrid creature) play in this St. Louis suburb. Webster Groves
47%
Campbell Fighting Camels, from this small NC town, feature a camel named Gaylord as their mascot. Buies Creek
35%
No matching quizzes found
Score Distribution
Percent of People with Each Score
Percentile by Number Answered
Your Score History
You have not taken this quiz